000 01028nam a2200289 a 4500
001 49998
003 BD-RJUL
005 20211209075437.0
008 160823s1971 enk 001 0 eng d
035 _a(BD-RjUL)50118
040 _aBD-RjUL
_beng
_cBD-RjUL
041 _aeng
082 _a370.6
_219
_bCUR 1951
245 1 4 _aThe Curriculum :
_bretrospect and prospect /
_c by the Yearbook Committee and associated contributors ; edited by Robert M. McClure.
260 _aLondon :
_bHodder and Stoughton,
_c1971
300 _a364 p. ;
_c20 cm
490 1 _aChanging perspectives in education
500 _a'The seventeen yearbook of national society for the study of education'
504 _aIncludes index
505 0 _aPt -1 --
650 0 _aEducation
_xCurricula
_zGreat Britain
_9149801
700 _aMcClure,Robert M. ed.
_9185527
710 _aby the Yearbook Committee and associated contributors
_9185528
830 0 _aChanging perspectives in education
_9185529
942 _2ddc
_cBK
999 _c49998
_d49998